Electronics : (Record no. 181590)
[ view plain ]
| 000 -LEADER | |
|---|---|
| fixed length control field | 01024 a2200217 4500 |
| 003 - CONTROL NUMBER IDENTIFIER | |
| control field | Nust |
| 005 - DATE AND TIME OF LATEST TRANSACTION | |
| control field | 20221122125938.0 |
| 010 ## - LIBRARY OF CONGRESS CONTROL NUMBER | |
| LC control number | 2008052845 |
| 020 ## - INTERNATIONAL STANDARD BOOK NUMBER | |
| International Standard Book Number | 9780273719182 (pbk.) |
| 040 ## - CATALOGING SOURCE | |
| Transcribing agency | Nust |
| 082 00 - DEWEY DECIMAL CLASSIFICATION NUMBER | |
| Classification number | 621.381,STO |
| 100 1# - MAIN ENTRY--PERSONAL NAME | |
| Personal name | Storey, Neil. |
| 9 (RLIN) | 60674 |
| 245 10 - TITLE STATEMENT | |
| Title | Electronics : |
| Remainder of title | a systems approach / |
| Statement of responsibility, etc. | Neil Storey. |
| 250 ## - EDITION STATEMENT | |
| Edition statement | 2nd ed. |
| 260 ## - PUBLICATION, DISTRIBUTION, ETC. | |
| Place of publication, distribution, etc. | Harlow, England ; |
| -- | New York : |
| Name of publisher, distributor, etc. | Pearson/Prentice Hall, |
| Date of publication, distribution, etc. | 2009. |
| 300 ## - PHYSICAL DESCRIPTION | |
| Extent | 672p |
| 505 ## - FORMATTED CONTENTS NOTE | |
| Formatted contents note | Electronic Systems (Page-1), Measurement, Sensors and Actuators (Page-15), Amplification (Page-53), Feedback (Page-106), Semiconductors and Diodes (Page-156), Field Effect Transistors (Page-181), Bipolar Junction Transistors (Page-234), Analogue Signal Processing (Page-312), Digital Systems (Page-362), Sequential Logic (Page-430), Digital Devices (Page-490), Microcomputers (Page-562), Data Acquisition and Conversion (Page-601), System Design (Page-617). |
| 650 #0 - SUBJECT ADDED ENTRY--TOPICAL TERM | |
| Topical term or geographic name entry element | Electronic circuits. |
| 650 #0 - SUBJECT ADDED ENTRY--TOPICAL TERM | |
| Topical term or geographic name entry element | Telecommunication Engineering |
| 942 ## - ADDED ENTRY ELEMENTS (KOHA) | |
| Source of classification or shelving scheme | |
| Koha item type | Book |
| Withdrawn status | Lost status | Source of classification or shelving scheme | Damaged status | Not for loan | Permanent Location | Current Location | Shelving location | Date acquired | Full call number | Barcode | Date last seen | Price effective from | Koha item type | Public note |
|---|---|---|---|---|---|---|---|---|---|---|---|---|---|---|
| Military College of Signals (MCS) | Military College of Signals (MCS) | General Stacks | 12/12/2016 | 621.381,STO | MCS28203 | 12/08/2016 | 12/12/2016 | Book | Almirah No.31, Shelf No.6 |
